| 000 | 00000nam 2200000zi 4500 |
| 001 | 9.934044 |
| 003 | CaOODSP |
| 005 | 20240417105831 |
| 006 | m o d f |
| 007 | cr mn||||||||| |
| 008 | 240216t20242024onc o f000 0 eng d |
| 020 | |a9780660703244 |
| 040 | |aCaOODSP|beng|erda|cCaOODSP |
| 043 | |an-cn--- |
| 086 | 1 |aJ2-412/4-2024E-PDF |
| 245 | 00|aVictim impact statement. |
| 264 | 1|a[Ottawa] : |bDepartment of Justice Canada = Ministère de la Justice Canada, |c[2024] |
| 264 | 4|c©2024 |
| 300 | |a1 online resource (4 unnumbered pages) |
| 336 | |atext|btxt|2rdacontent |
| 337 | |acomputer|bc|2rdamedia |
| 338 | |aonline resource|bcr|2rdacarrier |
| 500 | |aCaption title. |
| 500 | |aAt head of title: Victims' Rights in Canada. |
| 500 | |aIssued by Department of Justice. |
| 500 | |aIssued also in French under title: Déclaration de la victime. |
| 650 | 0|aVictims of crimes|xServices for|zCanada. |
| 650 | 0|aVictims of crimes|xCivil rights|zCanada. |
| 710 | 1 |aCanada. |bDepartment of Justice, |eissuing body. |
| 775 | 08|tDéclaration de la victime.|w(CaOODSP)9.934045 |
| 795 | |tVictim impact statement.|w(CaOODSP)9.802140 |
| 856 | 40|qPDF|s219 KB|uhttps://publications.gc.ca/collections/collection_2024/jus/J2-412-4-2024-eng.pdf |